ბათუმის შოთა რუსთაველის სახელმწიფო უნივერსიტეტის ბიბლიოთეკა

არსენას ლექსი (ბიბ.ჩანაწერი № 50012)

000 -LEADER
fixed length control field 00822nam a2200241Ia 4500
001 - CONTROL NUMBER
control field 16949
003 - CONTROL NUMBER IDENTIFIER
control field GE_BSU
008 - FIXED-LENGTH DATA ELEMENTS--GENERAL INFORMATION
fixed length control field 181216s||||||||xx |||||||||||||| ||und||
040 ## - CATALOGING SOURCE
Transcribing agency GE_BSU
080 ## - UNIVERSAL DECIMAL CLASSIFICATION NUMBER
Universal Decimal Classification number 821.353.1-91-1
245 ## - TITLE STATEMENT
Title არსენას ლექსი
245 ## - TITLE STATEMENT
Remainder of title ხალხური ეპოსი
245 ## - TITLE STATEMENT
Statement of responsibility, etc. ილ.: ალექსანდრე ბანძელაძე
260 ## - PUBLICATION, DISTRIBUTION, ETC.
Place of publication, distribution, etc. თბილისი
260 ## - PUBLICATION, DISTRIBUTION, ETC.
Name of publisher, distributor, etc. ნაკადული
260 ## - PUBLICATION, DISTRIBUTION, ETC.
Date of publication, distribution, etc. 1966
300 ## - PHYSICAL DESCRIPTION
Extent 99გვ. 34სმ.
300 ## - PHYSICAL DESCRIPTION
Accompanying material დანართი 4 გვ.
520 ## - SUMMARY, ETC.
Summary, etc. ტექსტი რუს., ინგლ., ფრანგ. და გერმ. ენებზე.
653 ## - INDEX TERM--UNCONTROLLED
Uncontrolled term არსენას ლექსი
653 ## - INDEX TERM--UNCONTROLLED
Uncontrolled term ხალხური ეპოსი
942 ## - ADDED ENTRY ELEMENTS (KOHA)
Koha item type წიგნი
ეგზემპლარები
Withdrawn status Lost status Damaged status Not for loan Date acquired Barcode Date last seen Price effective from Koha item type
        2018-12-17 82821 2018-12-17 2018-12-17 წიგნი
        2018-12-17 82822 2018-12-17 2018-12-17 წიგნი
        2018-12-17 82823 2018-12-17 2018-12-17 წიგნი